Pensamiento y religión en el México antiguo
Na minha lista:
| Autor principal: | |
|---|---|
| Formato: | Livro |
| Idioma: | espanhol |
| Publicado em: |
Cuernavaca
Fondo de Cultura Económica
1957
|
| Edição: | 1a. ed |
| Colecção: | Breviarios, 128
|
| Assuntos: | |
| Tags: |
Adicionar Tag
Sem tags, seja o primeiro a adicionar uma tag!
|
MARC
| LEADER | 00000cam a2200000 a 4500 | ||
|---|---|---|---|
| 001 | UCC0516 | ||
| 003 | CL-VaPUC | ||
| 008 | 170818e19570000mx |||||||||||||||||spa|d | ||
| 020 | |a 9681605543 | ||
| 082 | 0 | 4 | |a 299.7 |b SEJ |2 21 |
| 100 | 0 | |a Sejourne, Laurette |e author |9 594514 | |
| 245 | 1 | 0 | |a Pensamiento y religión en el México antiguo |
| 250 | |a 1a. ed | ||
| 300 | |a 220 p | ||
| 942 | |c BK | ||
| 945 | |d 20170818 15:36:00 |a dcastane | ||
| 260 | |a Cuernavaca |b Fondo de Cultura Económica |c 1957 | ||
| 650 | 7 | |a RELIGION AZTECA |2 CL-VaPUC |9 559781 | |
| 650 | 0 | |a Historia antigua |9 267521 | |
| 650 | 0 | |a Historia de México |9 321806 | |
| 583 | |a last modification |c 20170818 15:36:00 |k Rodrigo Vera | ||
| 490 | 0 | |a Breviarios, 128 | |
| 999 | |c 369340 |d 369338 | ||
| 952 | |0 0 |1 0 |3 erb |4 0 |6 299_700000000000000_SEJ_1957 |7 0 |8 A |9 485089 |a BIBEDU |b BIBEDU |i 541525K |o 299.7 SEJ 1957 |p 541525K |r 2019-11-24 |w 2019-11-24 |y BK |z Catalogado en:20170818 |k PSI | ||